000 01139cac a2200325 i 4500
003 EG-ScBUE
005 20250120090442.0
008 090225t2008 caua f 001 0 eng d
020 _a9780495112402
020 _a0495112402
040 _aEG-ScBUE
_beng
_erda
_cEG-ScBUE
_dEG-ScBUE
082 0 4 _a530
_bJEW
_222
100 1 _aJewett, John William,
_933738
_d1928-
_eauthor.
245 1 0 _aPhysics for scientists and engineers with modern physics /
_cJohn W. Jewett, California State Polytechnic University, Pomona, Raymond A. Serway, emeritus, James Madison University.
250 _aSeventh edition.
250 _aInternational edition.
264 1 _aBelmont :
_bThomson-Higher Education,
_c[2008]
264 4 _cc2008
300 _a1 volume (various pagings) :
_billustrations (some color) ;
_c29 cm
336 _2rdacontent
_atext
_btxt
337 _aunmediated
_2rdamedia
_bn
338 _avolume
_bnc
_2rdacarrier
500 _aIncludes index.
650 7 _aPhysics.
_94340
_2BUEsh
651 _2BUEsh
653 _bGGEN
_cNovember2017
655 _vReading book
700 1 _aSerway, Raymond A.,
_eauthor.
_94341
942 _2ddc
_cBB
999 _c8136
_d8136